| 000 | 00000nam##2200000za#4500 |
| 001 | 9.625823 |
| 003 | CaOODSP |
| 005 | 20210507160755 |
| 007 | ta |
| 008 | 150406|2001||||xxc||||| f|0| 0 fre|d |
| 020 | |a0-662-86317-8 |
| 022 | |a1497-6099 |
| 040 | |aCaOODSP|bfre |
| 043 | |an-cn--- |
| 086 | 1 |aCW69-16/3-2001F |
| 110 | 2 |aService canadien de la faune. |
| 245 | 10|aRèglements de chasse aux oiseaux migrateurs considérés comme gibier au Canada / |cPréparé par le Comité sur la sauvagine du Service canadien de la faune; Établi par Kathryn M. Dickson. |
| 260 | |aOttawa - Ontario : |bEnvironnement Canada. |c2001. |
| 300 | |av, 15p. : |btableaux ; |c28 cm. |
| 490 | 1 |aRapport du SCF sur la réglementation concernant les oiseaux migrateurs|x1497-6099|vN° 3 |
| 500 | |aY compris 20 pages d'abrégés des règlements de chasse aux oiseaux migrateurs de 2001 par province et territoires. |
| 504 | |aBibliographie. |
| 563 | |aCouverture souple |
| 590 | |a01-40|b2001-10-05 |
| 691 | 07|aRéglementation|2gcpds |
| 691 | 07|aOiseau|2gcpds |
| 720 | 1 |aDickson, Kathryn |
| 775 | 08|tMigratory game bird hunting regulations in Canada / |w(CaOODSP)9.615710 |
| 776 | 0#|tRèglements de chasse aux oiseaux migrateurs considérés comme gibier au Canada, juillet 2001 / |w(CaOODSP)9.602025 |
| 830 | #0|aRapport du SCF sur la réglementation concernant les oiseaux migrateurs,|x1497-6099|vN° 3|w(CaOODSP)9.512899 |